| 000 | 00831nas a2200289 4500 | ||
|---|---|---|---|
| 001 | BR0103591 | ||
| 003 | BR-BrBNA | ||
| 005 | 20231205102359.0 | ||
| 007 | ta | ||
| 008 | 230509b bl.|||p| |||| 00| 00por d | ||
| 040 |
_aBR-BrBNA _bpor _cBiblioteca Nacional de Agricultura |
||
| 041 | _a(Pt) | ||
| 072 | _aN10 | ||
| 100 | 1 | _aSartor, V. | |
| 100 | 1 | _aBaeta, F.C. | |
| 100 | 1 | _aOrlando, R.C. | |
| 100 | 1 | _aLuz, M.L. | |
| 100 | 1 | _aTinoco, I.F.F. | |
| 245 | 1 | _aEfeito de sistemas resfriamento evaporativo em instalacoes para frangos de corte | |
| 650 | _aFrango de Corte | ||
| 650 | _aResfriamento | ||
| 650 | _aAviario | ||
| 650 | _aVentilacao | ||
| 773 | 0 |
_tEngenharia Agricola (Brazil) _xISSN 0100-9616 _g(May 2000), v. 20(2) p. 87-97 _wBR0103591 |
|
| 909 |
_a202311 _bLúcia _c55 _dLúcia Elande |
||
| 942 |
_2AGRIS _n0 _cANA |
||
| 999 |
_c167284 _d167284 |
||